[Event "Titled Tuesday intern op 17th Sep Early"]
[Site "Chess,com INT"]
[Date "2024.09.17"]
[Round "5"]
[White "Dicen, Elis Denele"]
[Black "Goryachkina, Aleksandra"]
[Result "0-1"]
[WhiteElo "2100"]
[BlackElo "2533"]
[PlyCount "78"]
[EventDate "2024.09.17"]
[EventType "swiss (blitz)"]
[EventRounds "11"]
[EventCountry "USA"]
[SourceTitle "EXT 2025"]
[Source "ChessBase"]
[SourceDate "2024.10.14"]
[SourceVersion "1"]
[SourceVersionDate "2024.10.14"]
[SourceQuality "1"]

1. e4 c5 2. Nf3 Nc6 3. Bb5 e6 4. Bxc6 bxc6 5. 0-0 Qc7 6. b3 Ne7 7. Bb2 Ng6 8. d3 f6 9. Nbd2 Be7 10. Re1 d6 11. Nf1 0-0 12. h4 e5 13. Ne3 Be6 14. g3 Qd7 15. h5 Nh8 16. Nh4 g6 17. c4 f5 18. exf5 gxf5 19. Nhg2 Bf6 20. Qe2 Nf7 21. f4 Rae8 22. Qf3 Nh6 23. Rad1 Kh8 24. Qf2 Qg7 25. fxe5 dxe5 26. Nf1 Ng4 27. Qe2 Qg5 28. Nh2 Nxh2 29. Kxh2 Bd7 30. Qf3 Bg7 31. Ba1 Re6 32. Nh4 Kg8 33. Bb2 e4 34. Qg2 Bxb2 35. Qxb2 f4 36. Qg2 f3 37. Qh3 f2 38. Rf1 e3 39. Ng2 e2 0-1

[Event "Titled Tuesday intern op 17th Sep Early"]
[Site "Chess,com INT"]
[Date "2024.09.17"]
[Round "10"]
[White "Margl, Roland"]
[Black "Dicen, Elis Denele"]
[Result "0-1"]
[WhiteElo "2263"]
[BlackElo "2100"]
[PlyCount "86"]
[EventDate "2024.09.17"]
[EventType "swiss (blitz)"]
[EventRounds "11"]
[EventCountry "USA"]
[SourceTitle "EXT 2025"]
[Source "ChessBase"]
[SourceDate "2024.10.14"]
[SourceVersion "1"]
[SourceVersionDate "2024.10.14"]
[SourceQuality "1"]

1. e4 c5 2. Nf3 e6 3. d4 cxd4 4. Nxd4 a6 5. a3 Qc7 6. Be3 b5 7. a4 b4 8. Nd2 Bb7 9. Bd3 Nf6 10. a5 Nc6 11. Nxc6 Bxc6 12. Qe2 Be7 13. Bb6 Qb7 14. f3 0-0 15. 0-0 d6 16. Nb3 e5 17. Bc4 d5 18. exd5 Bxd5 19. Rad1 Bxc4 20. Qxc4 Rac8 21. Qe2 Nd7 22. Bf2 Nc5 23. Qxe5 Nxb3 24. cxb3 Bf6 25. Qe2 Rfe8 26. Qd2 Rcd8 27. Qc1 Rc8 28. Qb1 Re2 29. Rc1 Rxb2 30. Rxc8+ Qxc8 31. Qd3 h6 32. Rd1 Qc3 33. Qxa6 Qc2 34. Qf1 Qxb3 35. a6 Ra2 36. Rb1 Qa4 37. Be1 Bd4+ 38. Kh1 b3 39. Qd3 Bf6 40. h3 Qxa6 41. Qxa6 Rxa6 42. Kg1 b2 43. Kf1 Ra1 0-1

[Event "Titled Tuesday intern op 17th Sep Early"]
[Site "Chess,com INT"]
[Date "2024.09.17"]
[Round "1"]
[White "Wu, Derek"]
[Black "Dicen, Elis Denele"]
[Result "0-1"]
[WhiteElo "2232"]
[BlackElo "2100"]
[PlyCount "134"]
[EventDate "2024.09.17"]
[EventType "swiss (blitz)"]
[EventRounds "11"]
[EventCountry "USA"]
[SourceTitle "EXT 2025"]
[Source "ChessBase"]
[SourceDate "2024.10.14"]
[SourceVersion "1"]
[SourceVersionDate "2024.10.14"]
[SourceQuality "1"]

1. e4 c5 2. Nf3 e6 3. d4 cxd4 4. Nxd4 a6 5. Bd3 Bc5 6. Nb3 Ba7 7. Nc3 d6 8. Qe2 Nf6 9. Be3 0-0 10. 0-0-0 Nc6 11. Kb1 Qc7 12. f4 b5 13. Bxa7 Rxa7 14. g4 Bd7 15. g5 Ne8 16. Rhe1 b4 17. Nd5 exd5 18. exd5 Na5 19. Nd4 Qd8 20. Qh5 g6 21. Qh6 Ng7 22. Re3 Qb6 23. Be4 Nc4 24. Ree1 a5 25. Nc6 Bxc6 26. dxc6 Qf2 27. Bd3 Nd2+ 28. Kc1 Nf3 29. Re2 Qh4 30. Be4 Qxf4+ 31. Kb1 Nd2+ 32. Rexd2 Qxe4 33. Rxd6 Ne6 34. Qxf8+ Kxf8 35. b3 Rc7 36. R1d5 Qe1+ 37. Kb2 Qc3+ 38. Kb1 Rxc6 39. Rxc6 Qxc6 40. Rxa5 Qh1+ 41. Kb2 Qxh2 42. Rb5 Nxg5 43. Rxg5 Qd6 44. Rb5 Qd4+ 45. Kb1 h5 46. a3 Kg7 47. Rxb4 Qd1+ 48. Kb2 g5 49. a4 g4 50. a5 Qd6 51. Ra4 g3 52. a6 Qb8 53. a7 Qa8 54. Ra1 g2 55. b4 h4 56. b5 h3 57. b6 h2 58. Kc3 h1Q 59. b7 Qxb7 60. a8Q Qxa8 61. Rxa8 g1Q 62. Ra5 Qf3+ 63. Kb4 Qd4+ 64. c4 Qfc3+ 65. Kb5 Qxa5+ 66. Kxa5 Qxc4 67. Kb6 f5 0-1

[Event "Titled Tuesday intern op 10th Sep Early"]
[Site "Chess,com INT"]
[Date "2024.09.10"]
[Round "8"]
[White "Dicen, Elis Denele"]
[Black "Golubovic, Erik"]
[Result "1/2-1/2"]
[WhiteElo "2100"]
[BlackElo "2117"]
[PlyCount "114"]
[EventDate "2024.09.10"]
[EventType "swiss (blitz)"]
[EventRounds "11"]
[EventCountry "USA"]
[SourceTitle "EXT 2025"]
[Source "ChessBase"]
[SourceDate "2024.10.14"]
[SourceVersion "1"]
[SourceVersionDate "2024.10.14"]
[SourceQuality "1"]

1. e4 c5 2. Nf3 d6 3. Bb5+ Bd7 4. Bxd7+ Qxd7 5. 0-0 Nc6 6. c3 d5 7. exd5 Qxd5 8. d4 e6 9. Be3 cxd4 10. cxd4 Nf6 11. Nc3 Qd8 12. Qb3 Bb4 13. Rad1 Bxc3 14. bxc3 Qc7 15. c4 0-0 16. Rc1 Rfd8 17. Rfd1 Na5 18. Qc2 Rac8 19. Ne5 Nc6 20. Nf3 h6 21. Qe2 Qa5 22. h3 Ne7 23. Ne5 Nd7 24. Nxd7 Rxd7 25. Qg4 Qf5 26. Qg3 Qg6 27. Qf3 Nf5 28. d5 Nh4 29. Qg4 Qxg4 30. hxg4 Rcd8 31. Bxa7 exd5 32. Bb6 Rc8 33. cxd5 Rxc1 34. Rxc1 Rxd5 35. g3 Nf3+ 36. Kg2 Ne5 37. Rc8+ Kh7 38. Rc7 Rb5 39. Be3 Nxg4 40. Rxf7 Rb2 41. Kf3 Nxe3 42. Kxe3 Rxa2 43. Rxb7 Ra3+ 44. Ke2 Kg6 45. Kf1 Kf6 46. Kg2 h5 47. Rb6+ Kf7 48. Rb7+ Kg6 49. Rb6+ Kh7 50. Rb7 Kh6 51. Rb6+ g6 52. Rc6 Kg7 53. Rc7+ Kf6 54. Rc6+ Kf7 55. Rc7+ Kf6 56. Rc6+ Kf7 57. Rc7+ Kf6 1/2-1/2

[Event "Titled Tuesday intern op 03rd Sep Early"]
[Site "Chess.com INT"]
[Date "2024.09.03"]
[Round "11"]
[White "Preobrazhenskaya, Diana"]
[Black "Dicen, Elis Denele"]
[Result "0-1"]
[WhiteElo "2068"]
[BlackElo "2100"]
[PlyCount "90"]
[EventDate "2024.09.03"]
[EventType "swiss (blitz)"]
[EventRounds "11"]
[EventCountry "USA"]
[SourceTitle "EXT 2025"]
[Source "ChessBase"]
[SourceDate "2024.10.14"]
[SourceVersion "1"]
[SourceVersionDate "2024.10.14"]
[SourceQuality "1"]

1. e4 c5 2. Nf3 e6 3. d4 cxd4 4. Nxd4 a6 5. Bd3 Qc7 6. 0-0 Nc6 7. Nxc6 Qxc6 8. Qe2 d6 9. Nc3 Nf6 10. Bg5 Be7 11. Bxf6 Bxf6 12. Nd5 Bd7 13. c3 0-0-0 14. Nxf6 gxf6 15. b4 Qc7 16. a4 Kb8 17. b5 a5 18. Qb2 b6 19. c4 e5 20. Be2 Be6 21. Rfd1 f5 22. exf5 Bxf5 23. Re1 Rhg8 24. Bf3 Be6 25. Rac1 f5 26. Bd5 Rg6 27. Bxe6 Rxe6 28. Qc2 e4 29. Kh1 Rg6 30. Re3 Rdg8 31. Rg1 Qg7 32. Rg3 Rxg3 33. fxg3 Qe5 34. Qf2 e3 35. Qe2 Re8 36. Re1 Qe4 37. Kg1 Kc7 38. Rd1 Re6 39. Rf1 Re5 40. Qh5 e2 41. Re1 Qe3+ 42. Kh1 Qf2 43. Qf7+ Kd8 44. Qf8+ Kd7 45. Qf7+ Re7 0-1

[Event "Titled Tuesday intern op 20th Aug Early"]
[Site "Chess.com INT"]
[Date "2024.08.20"]
[Round "5"]
[White "Bestard Borras, Miguel"]
[Black "Dicen, Elis Denele"]
[Result "1-0"]
[WhiteElo "2113"]
[BlackElo "2060"]
[PlyCount "155"]
[EventDate "2024.08.20"]
[EventType "swiss (blitz)"]
[EventRounds "11"]
[EventCountry "USA"]
[SourceTitle "EXT 2025"]
[Source "ChessBase"]
[SourceDate "2024.10.14"]
[SourceVersion "1"]
[SourceVersionDate "2024.10.14"]
[SourceQuality "1"]

1. d4 d5 2. Bf4 Nf6 3. e3 g6 4. c4 c6 5. Nc3 Bg7 6. Rc1 0-0 7. Nf3 a6 8. Bd3 dxc4 9. Bxc4 b5 10. Bd3 Bb7 11. 0-0 Nbd7 12. Ne4 Nxe4 13. Bxe4 Rc8 14. Ne5 Nxe5 15. Bxe5 Qb6 16. Bxg7 Kxg7 17. Rc5 Rfd8 18. Qc2 e6 19. Rc1 Rd6 20. h4 h5 21. Bf3 Qa5 22. a3 Qb6 23. Qe4 a5 24. Qf4 Rcd8 25. g4 hxg4 26. Qxg4 Rh8 27. Qf4 Qd8 28. h5 gxh5 29. Rg5+ Kf8 30. Rcc5 h4 31. Bh5 Qe7 32. Bxf7 Qxf7 33. Qxd6+ Ke8 34. Qb8+ Ke7 35. Qxb7+ Kf6 36. Rcf5+ exf5 37. Rxf5+ Kxf5 38. Qxf7+ Ke4 39. Qg6+ Kf3 40. Qf5+ Ke2 41. Qc2+ Kf3 42. Qxc6+ Ke2 43. Qc2+ Kf3 44. Qd1+ Ke4 45. d5 Rg8+ 46. Kh1 h3 47. d6 h2 48. Kxh2 Rh8+ 49. Kg2 Rg8+ 50. Kf1 Rh8 51. Ke2 Rd8 52. d7 b4 53. Qd4+ Kf5 54. axb4 axb4 55. f4 Ke6 56. Qe5+ Kxd7 57. Qd5+ Kc7 58. Qxd8+ Kxd8 59. Kd3 Kc8 60. Kc4 Kb7 61. Kxb4 Ka6 62. Kc4 Kb7 63. b4 Ka7 64. b5 Kb7 65. Kb4 Kb6 66. e4 Kb7 67. e5 Ka7 68. f5 Kb6 69. f6 Ka7 70. f7 Kb7 71. f8Q Ka7 72. Qe7+ Kb6 73. Qd6+ Ka7 74. Qc5+ Kb7 75. Qc6+ Ka7 76. b6+ Kb8 77. Qc7+ Ka8 78. Qa7# 1-0

[Event "Titled Tuesday intern op 20th Aug Early"]
[Site "Chess.com INT"]
[Date "2024.08.20"]
[Round "9"]
[White "Dicen, Elis Denele"]
[Black "Flores Mirabal, Nancy"]
[Result "1/2-1/2"]
[WhiteElo "2060"]
[BlackElo "1974"]
[PlyCount "153"]
[EventDate "2024.08.20"]
[EventType "swiss (blitz)"]
[EventRounds "11"]
[EventCountry "USA"]
[SourceTitle "EXT 2025"]
[Source "ChessBase"]
[SourceDate "2024.10.14"]
[SourceVersion "1"]
[SourceVersionDate "2024.10.14"]
[SourceQuality "1"]

1. d4 Nf6 2. Nf3 g6 3. c4 Bg7 4. Nc3 d5 5. Bg5 Ne4 6. Bf4 c5 7. e3 cxd4 8. exd4 Nxc3 9. bxc3 0-0 10. cxd5 Qxd5 11. Bd3 Bg4 12. Be2 Nc6 13. 0-0 Rfd8 14. h3 Bf5 15. Qb3 Qd7 16. Rfd1 Rac8 17. Rac1 Na5 18. Qb2 e6 19. Qa3 b6 20. Ne5 Qb7 21. Bf3 Be4 22. Re1 Bxf3 23. Nxf3 Rc4 24. Nd2 Rc6 25. Bg5 Rdc8 26. Ne4 Nc4 27. Qb3 e5 28. d5 R6c7 29. d6 Rc6 30. Rcd1 f6 31. Bxf6 Bxf6 32. Nxf6+ Kg7 33. d7 Rd8 34. Ne8+ Kh6 35. Qb1 Rxd7 36. Qc1+ g5 37. h4 Rg6 38. Nf6 Rxd1 39. Rxd1 Qc6 40. Ng4+ Kh5 41. Ne3 Nxe3 42. Qxe3 gxh4 43. f3 Qf6 44. Rd5 Rg5 45. Rd7 Qg6 46. Qf2 h3 47. g4+ Rxg4+ 48. fxg4+ Qxg4+ 49. Kh2 Qxd7 50. Qe2+ Qg4 51. Qxe5+ Kh4 52. Qf6+ Kh5 53. Qf7+ Kh6 54. Qf6+ Kh5 55. Qf7+ Qg6 56. Qf3+ Kh6 57. Qf4+ Kg7 58. Qe5+ Qf6 59. Qc7+ Kg6 60. Qg3+ Kf7 61. Qc7+ Ke6 62. Qc6+ Ke7 63. Qc7+ Ke6 64. Qc6+ Kf5 65. Qf3+ Kg6 66. Qg4+ Qg5 67. Qe6+ Kh5 68. Qe8+ Kh6 69. Qe6+ Qg6 70. Qe3+ Kg7 71. Qe7+ Qf7 72. Qg5+ Qg6 73. Qe7+ Kh6 74. Qh4+ Qh5 75. Qf6+ Qg6 76. Qh4+ Kg7 77. Qe7+ 1/2-1/2

[Event "Kingston op 3rd"]
[Site "Kingston Upon Thames"]
[Date "2024.08.16"]
[Round "9"]
[White "Buckley, Graeme N"]
[Black "Dicen, Elis Denele"]
[Result "1-0"]
[WhiteElo "2293"]
[BlackElo "2060"]
[PlyCount "109"]
[EventDate "2024.08.12"]
[EventType "swiss"]
[EventRounds "9"]
[EventCountry "ENG"]
[SourceTitle "CBM 221 Extra"]
[Source "ChessBase"]
[SourceDate "2024.09.30"]
[SourceVersion "1"]
[SourceVersionDate "2024.09.30"]
[SourceQuality "1"]

1. e4 c5 2. Nf3 d6 3. Bb5+ Bd7 4. Bxd7+ Qxd7 5. c4 e5 6. d3 Nc6 7. Nc3 Be7 8. a3 f5 9. exf5 Nf6 10. Bg5 Qxf5 11. 0-0 0-0 12. Bxf6 Bxf6 13. Rb1 Rad8 14. Nd5 Kh8 15. Qe2 Rd7 16. Rfe1 Nd8 17. Qe4 Qh5 18. h3 Ne6 19. b4 b6 20. Re2 Bd8 21. Rbe1 Rdf7 22. Qg4 Qh6 23. Re4 g5 24. R1e3 Nf4 25. h4 Rg7 26. h5 Nxh5 27. Nxe5 Nf6 28. Nxf6 dxe5 29. Nd5 Rgf7 30. Re2 Qg6 31. Qg3 h5 32. Rxe5 cxb4 33. axb4 h4 34. Qe3 Kh7 35. Re6 Qh5 36. Qe4+ Kg7 37. Qe5+ Kg8 38. Qe3 Qh7 39. b5 Qg7 40. Re8 g4 41. Rxf8+ Rxf8 42. Qe6+ Rf7 43. Re5 g3 44. f4 Qf8 45. Qg6+ Rg7 46. Qe4 Qd6 47. Re6 Qd7 48. Qe5 h3 49. f5 h2+ 50. Kh1 Kh7 51. f6 Rf7 52. Qe4+ Kg8 53. Re8+ Rf8 54. Qg6+ Kh8 55. Rxf8# 1-0

[Event "BCF-ch"]
[Site "Hull"]
[Date "2024.07.29"]
[Round "3"]
[White "Dicen, Elis Denele"]
[Black "Han, Yichen"]
[Result "0-1"]
[WhiteElo "2060"]
[BlackElo "2414"]
[PlyCount "116"]
[EventDate "2024.07.27"]
[EventType "swiss"]
[EventRounds "9"]
[EventCountry "ENG"]
[SourceTitle "CBM 221 Extra"]
[Source "ChessBase"]
[SourceDate "2024.09.30"]
[SourceVersion "1"]
[SourceVersionDate "2024.09.30"]
[SourceQuality "1"]

1. e4 e5 2. Nf3 Nc6 3. d4 exd4 4. Nxd4 Qf6 5. Be3 Bc5 6. c3 Qg6 7. Nd2 Nf6 8. h4 h5 9. Nf5 Bxe3 10. Nxe3 d6 11. Qc2 d5 12. exd5 Qxc2 13. Nxc2 Nxd5 14. 0-0-0 0-0 15. Nf3 Nf6 16. Bb5 Ne7 17. Ne3 Ng6 18. Ng5 c6 19. Be2 Nf4 20. Rd2 Nxe2+ 21. Rxe2 Bd7 22. g3 Rae8 23. Rhe1 b5 24. Nc2 Rd8 25. Rd2 Rfe8 26. Rxe8+ Rxe8 27. Ne3 Re7 28. Kc2 g6 29. Re2 c5 30. b3 Bc6 31. Rd2 Kg7 32. a3 Ng4 33. Nd1 Bb7 34. Nh3 Be4+ 35. Kc1 Bf5 36. Nf4 Re1 37. Re2 Rh1 38. Kd2 Nh2 39. Re7 Nf3+ 40. Kc1 Bg4 41. Kc2 Nxh4 42. Ne3 Nf5 43. Nxf5+ Bxf5+ 44. Kd2 g5 45. Nd5 Be6 46. Nc7 Bxb3 47. Re5 Kg6 48. Rxc5 h4 49. gxh4 gxh4 50. Ke2 h3 51. f4 h2 52. Rg5+ Kh6 53. Rg2 Bc4+ 54. Kf2 Rf1+ 55. Kg3 h1Q 56. f5 Kg5 57. Rf2 Rg1+ 58. Rg2 Qxg2# 0-1

[Event "Titled Tuesday intern op 23rd Jul Late"]
[Site "Chess.com INT"]
[Date "2024.07.23"]
[Round "5"]
[White "Damaraju, Ashwin"]
[Black "Dicen, Elis Denele"]
[Result "0-1"]
[WhiteElo "2038"]
[BlackElo "2060"]
[PlyCount "196"]
[EventDate "2024.07.23"]
[EventType "swiss (blitz)"]
[EventRounds "11"]
[EventCountry "USA"]
[SourceTitle "EXT 2025"]
[Source "ChessBase"]
[SourceDate "2024.10.14"]
[SourceVersion "1"]
[SourceVersionDate "2024.10.14"]
[SourceQuality "1"]

1. e4 c5 2. Nc3 a6 3. d4 cxd4 4. Qxd4 Nc6 5. Qe3 d6 6. Bd2 Nf6 7. 0-0-0 g6 8. Nd5 Bg7 9. Bc3 0-0 10. Nxf6+ exf6 11. h4 h5 12. Nf3 Re8 13. Qf4 Ne5 14. Kb1 Be6 15. Nd4 Qc7 16. Nxe6 Rxe6 17. f3 b5 18. g4 hxg4 19. fxg4 Nc4 20. h5 g5 21. Qf5 Ne3 22. Qf3 Nxd1 23. Qxd1 Bh6 24. Qd5 Rc8 25. a3 Qc6 26. Bd3 Qxd5 27. exd5 Re3 28. Bxf6 Rg3 29. Bf5 Re8 30. Bd7 Re2 31. Rc1 Bg7 32. Bxg5 Rgg2 33. h6 Be5 34. Bf5 Rh2 35. Ka2 a5 36. h7+ Kh8 37. Bd8 a4 38. Bd3 Ref2 39. Bb6 Rf4 40. Bf5 Kg7 41. Be3 Rf3 42. Re1 Rxf5 43. gxf5 Rxh7 44. c3 Kf6 45. Rf1 Rh5 46. Bb6 Rxf5 47. Bd8+ Kg6 48. Rg1+ Kh7 49. Kb1 Rf2 50. Bb6 Re2 51. Rf1 Kg6 52. Rg1+ Kh7 53. Bd4 f6 54. Bb6 f5 55. Rf1 Kg6 56. Rf2 Rxf2 57. Bxf2 f4 58. Kc2 Kf5 59. Kd3 Kg4 60. Ke2 f3+ 61. Kf1 Kf4 62. Bb6 Ke4 63. Kf2 Kxd5 64. Kxf3 Kc4 65. Ke4 Kb3 66. Kd5 Kxb2 67. Kc6 Kxa3 68. Kxb5 Kb3 69. Bc7 a3 70. c4 a2 71. c5 a1Q 72. cxd6 Bxd6 73. Bxd6 Qa4+ 74. Kb6 Qc4 75. Bc5 Ka4 76. Kc6 Qe6+ 77. Bd6 Ka5 78. Kc5 Ka6 79. Kc6 Qf7 80. Kc5 Qd7 81. Be5 Kb7 82. Bd6 Qe6 83. Bf8 Kc7 84. Bg7 Qf5+ 85. Kc4 Kc6 86. Bd4 Qe4 87. Kc3 Kd5 88. Bg7 Kc5 89. Bf8+ Kb5 90. Bd6 Qd5 91. Bh2 Qe4 92. Bd6 Kc6 93. Bb4 Kd5 94. Bf8 Qc4+ 95. Kd2 Qb3 96. Bg7 Ke4 97. Ke2 Qc2+ 98. Kf1 Kf3 0-1

[Event "Titled Tuesday intern op 23rd Jul Late"]
[Site "Chess.com INT"]
[Date "2024.07.23"]
[Round "10"]
[White "Elsness, Frode"]
[Black "Dicen, Elis Denele"]
[Result "1-0"]
[WhiteElo "2418"]
[BlackElo "2060"]
[PlyCount "87"]
[EventDate "2024.07.23"]
[EventType "swiss (blitz)"]
[EventRounds "11"]
[EventCountry "USA"]
[SourceTitle "EXT 2025"]
[Source "ChessBase"]
[SourceDate "2024.10.14"]
[SourceVersion "1"]
[SourceVersionDate "2024.10.14"]
[SourceQuality "1"]

1. d4 Nf6 2. c4 e6 3. Nf3 b6 4. g3 Ba6 5. b3 Bb4+ 6. Bd2 Be7 7. Bg2 c6 8. 0-0 0-0 9. a4 d5 10. Ne5 Nfd7 11. Nxd7 Nxd7 12. e4 dxc4 13. Qe2 Nf6 14. Bc3 b5 15. axb5 Bb7 16. bxc6 Bxc6 17. bxc4 Qd7 18. Nd2 Rfe8 19. Rfb1 Bf8 20. Qd3 Rad8 21. h3 Ba8 22. d5 Bc5 23. e5 Nh5 24. Ne4 Bb6 25. Nd6 Rf8 26. Bb4 exd5 27. cxd5 Qe7 28. Nc4 Qg5 29. Nxb6 axb6 30. Bxf8 Rxf8 31. Re1 Bb7 32. Qe3 Qe7 33. g4 Nf6 34. d6 Qd7 35. Bxb7 Nxg4 36. hxg4 Qxb7 37. Qe4 Qd7 38. Rac1 h6 39. Rc7 Qe6 40. Qf5 Qb3 41. Rc8 Qb4 42. Rxf8+ Kxf8 43. Rc1 Kg8 44. Rc8# 1-0

[Event "Titled Tuesday intern op 23rd Jul Early"]
[Site "Chess.com INT"]
[Date "2024.07.23"]
[Round "11"]
[White "Hajiyev, Kanan"]
[Black "Dicen, Elis Denele"]
[Result "0-1"]
[WhiteElo "2109"]
[BlackElo "2060"]
[PlyCount "86"]
[EventDate "2024.07.23"]
[EventType "swiss (blitz)"]
[EventRounds "11"]
[EventCountry "USA"]
[SourceTitle "EXT 2025"]
[Source "ChessBase"]
[SourceDate "2024.10.14"]
[SourceVersion "1"]
[SourceVersionDate "2024.10.14"]
[SourceQuality "1"]

1. d4 Nf6 2. Nf3 c5 3. c3 cxd4 4. cxd4 d5 5. Nc3 Nc6 6. Bg5 e6 7. e3 Bd6 8. Bd3 h6 9. Bh4 0-0 10. 0-0 a6 11. Rc1 Bd7 12. a3 Be7 13. b4 Rc8 14. Na4 Ne4 15. Bxe7 Qxe7 16. Nc5 Nxc5 17. bxc5 e5 18. Be2 e4 19. Nd2 Nd8 20. Rb1 Bc6 21. Nb3 f5 22. Qd2 Rc7 23. Na5 Qg5 24. g3 Ne6 25. Nxc6 bxc6 26. Bxa6 f4 27. Rb7 f3 28. Rfb1 Rxb7 29. Bxb7 Qg4 30. Qd1 Nd8 31. Ba8 Qd7 32. Rb6 Rf6 33. a4 Qa7 34. Qb3 Qxa8 35. Rb8 Qa5 36. Qb4 Qxb4 37. Rxb4 Rf7 38. Rb8 Rd7 39. a5 Kf7 40. a6 Ke7 41. Ra8 Rc7 42. a7 Rb7 43. Rxd8 Rb1# 0-1

[Event "Titled Tuesday intern op 23rd Jul Early"]
[Site "Chess.com INT"]
[Date "2024.07.23"]
[Round "1"]
[White "Karamsetty, Jeevan"]
[Black "Dicen, Elis Denele"]
[Result "1-0"]
[WhiteElo "2244"]
[BlackElo "2060"]
[PlyCount "55"]
[EventDate "2024.07.23"]
[EventType "swiss (blitz)"]
[EventRounds "11"]
[EventCountry "USA"]
[SourceTitle "EXT 2025"]
[Source "ChessBase"]
[SourceDate "2024.10.14"]
[SourceVersion "1"]
[SourceVersionDate "2024.10.14"]
[SourceQuality "1"]

1. e4 c6 2. c4 d5 3. cxd5 cxd5 4. exd5 Nf6 5. Nc3 Nxd5 6. d4 Nc6 7. Nf3 g6 8. Bc4 e6 9. Bxd5 exd5 10. 0-0 Be6 11. Bg5 Be7 12. Qd2 0-0 13. Rfe1 Bf6 14. Rad1 Re8 15. Qf4 Bxg5 16. Nxg5 Qd7 17. Nb5 Bf5 18. Nd6 Rxe1+ 19. Rxe1 f6 20. Ngf7 Be6 21. Nh6+ Kg7 22. h3 Rd8 23. Nxb7 Qxb7 24. Rxe6 Rf8 25. Ng4 f5 26. Qh6+ Kg8 27. Nf6+ Kh8 28. Qxf8# 1-0

[Event "Titled Tuesday intern op 23rd Jul Late"]
[Site "Chess.com INT"]
[Date "2024.07.23"]
[Round "3"]
[White "Ozates, Tuna"]
[Black "Dicen, Elis Denele"]
[Result "1-0"]
[WhiteElo "2290"]
[BlackElo "2060"]
[PlyCount "61"]
[EventDate "2024.07.23"]
[EventType "swiss (blitz)"]
[EventRounds "11"]
[EventCountry "USA"]
[SourceTitle "EXT 2025"]
[Source "ChessBase"]
[SourceDate "2024.10.14"]
[SourceVersion "1"]
[SourceVersionDate "2024.10.14"]
[SourceQuality "1"]

1. c4 Nf6 2. g3 e6 3. Bg2 c5 4. Nf3 d5 5. 0-0 Nc6 6. cxd5 exd5 7. d4 c4 8. b3 cxb3 9. axb3 Be7 10. Ne5 0-0 11. Nc3 Be6 12. Bg5 h6 13. Bxf6 Bxf6 14. Nxc6 bxc6 15. e3 Be7 16. Na4 Rb8 17. Qc2 Qd7 18. Nc5 Bxc5 19. Qxc5 Rxb3 20. Rxa7 Qc8 21. Rc1 Rd8 22. Bf1 Bd7 23. Qe7 Rb6 24. Bh3 Rb7 25. Rxb7 Qxb7 26. Qxd8+ Kh7 27. Qxd7 Qb8 28. Qxf7 c5 29. Bf5+ Kh8 30. Qg6 Qa8 31. Qh7# 1-0

[Event "Titled Tuesday intern op 23rd Jul Early"]
[Site "Chess.com INT"]
[Date "2024.07.23"]
[Round "5"]
[White "Vovk, Orest"]
[Black "Dicen, Elis Denele"]
[Result "1-0"]
[WhiteElo "2315"]
[BlackElo "2060"]
[PlyCount "69"]
[EventDate "2024.07.23"]
[EventType "swiss (blitz)"]
[EventRounds "11"]
[EventCountry "USA"]
[SourceTitle "EXT 2025"]
[Source "ChessBase"]
[SourceDate "2024.10.14"]
[SourceVersion "1"]
[SourceVersionDate "2024.10.14"]
[SourceQuality "1"]

1. h4 e5 2. h5 d5 3. h6 Nxh6 4. d4 e4 5. Bxh6 gxh6 6. e3 Bg7 7. c4 c6 8. Nc3 Be6 9. Qb3 Qd7 10. Nh3 0-0 11. Nf4 Rd8 12. Be2 a6 13. Rh5 dxc4 14. Bxc4 Bxc4 15. Qxc4 b5 16. Qb3 Qe7 17. 0-0-0 Nd7 18. Qc2 Nf6 19. Re5 Qc7 20. Nxe4 Nxe4 21. Rxe4 Qa5 22. Kb1 Rac8 23. Nh5 Kh8 24. Rg4 Rg8 25. Qf5 Qc7 26. Rxg7 Rxg7 27. Qf6 Rcg8 28. Rc1 Qd7 29. Nxg7 Rxg7 30. Rxc6 a5 31. Rd6 Qe8 32. Rd8 Qg8 33. Rxg8+ Kxg8 34. g3 h5 35. Qd8# 1-0

[Event "Titled Tuesday intern op 16th Jul Early"]
[Site "Chess.com INT"]
[Date "2024.07.16"]
[Round "1"]
[White "Sheehan, Ethan"]
[Black "Dicen, Elis Denele"]
[Result "1-0"]
[WhiteElo "2311"]
[BlackElo "2060"]
[PlyCount "105"]
[EventDate "2024.07.16"]
[EventType "swiss (blitz)"]
[EventRounds "11"]
[EventCountry "USA"]
[SourceTitle "EXT 2025"]
[Source "ChessBase"]
[SourceDate "2024.10.14"]
[SourceVersion "1"]
[SourceVersionDate "2024.10.14"]
[SourceQuality "1"]

1. d4 d5 2. c4 e6 3. Nc3 Nf6 4. cxd5 exd5 5. Bg5 c6 6. e3 Be7 7. Bd3 Nbd7 8. Qc2 h6 9. Bf4 0-0 10. Nge2 a6 11. h3 Re8 12. 0-0 Nf8 13. a3 Ne6 14. Be5 Bd6 15. Bxd6 Qxd6 16. b4 Bd7 17. Na4 Ng5 18. Nc5 Rab8 19. Ng3 b6 20. Nxa6 Ra8 21. b5 cxb5 22. Qc7 Qe7 23. Qxb6 h5 24. Nc7 Rab8 25. Qc5 Qxc5 26. dxc5 Rec8 27. h4 Nge4 28. Bxe4 dxe4 29. Na6 Ra8 30. Nb4 Rxc5 31. Rfd1 Be6 32. Rd4 Rc3 33. Nxe4 Nxe4 34. Rxe4 Rcxa3 35. Rc1 g6 36. Rc7 Ra1+ 37. Kh2 R1a4 38. Rd4 Rf8 39. Rc5 Rb8 40. Nc6 Rxd4 41. exd4 Rb6 42. d5 Bd7 43. Nb4 Rd6 44. Kg3 Kf8 45. Kf4 f6 46. Ke4 Bf5+ 47. Kd4 Bd7 48. Rc7 Ke7 49. Kc5 f5 50. Nc6+ Kf8 51. Kxd6 Bxc6 52. dxc6 b4 53. Rd7 1-0